00845 a2200181 4500003000500000005001700005010001600022020001500038035002100053040000900074082001200083100002200095245008100117250001300198260003200211300002500243505039500268NUST20221207170827.0 a 00283211 a9698373012 a(DLC) 00283211 cNust00a297,HUS1 aHussain, Iqbal S.14aThe Quraan and modernism :bbeyond science & philosophy /cIqbal S. Hussain. a1st. ed. aLahore :bAdabistan,c2000. axix,473 p. :c22 cm. aFrom Revelation To Interpretation (Page-15), Final Version Of The Ultimate Issue (Page-61), From Revelation To Exploration (Page-83), Religion, Sciences And Modernism (Page-106), Philosophy Of Creative Existence (Page-136), The Rhythm Of Life (Page-169), Morality And Modernism (Page-190), Culture Of Corruption (Page-216), Knowledge And Wisdom (Page-274), Prophets And Prophecy (Page-394).